Introduction to positive economics (Record no. 5640)

000 -LEADER
fixed length control field 00453nam a22001817a 4500
001 - CONTROL NUMBER
control field 5640
003 - CONTROL NUMBER IDENTIFIER
control field BD-DhUET
008 - FIXED-LENGTH DATA ELEMENTS--GENERAL INFORMATION
fixed length control field 141127b xxu||||| |||| 00| 0 eng d
040 ## - CATALOGING SOURCE
Transcribing agency 0
Modifying agency BD-DhUET
082 ## - DEWEY DECIMAL CLASSIFICATION NUMBER
Classification number 330
Item number LIP/1971
100 ## - MAIN ENTRY--PERSONAL NAME
Personal name Lipsey, Richard G.
245 ## - TITLE STATEMENT
Title Introduction to positive economics
250 ## - EDITION STATEMENT
Edition statement 3rd ed.
260 ## - PUBLICATION, DISTRIBUTION, ETC. (IMPRINT)
Name of publisher, distributor, etc. English Language Book
Place of publication, distribution, etc. Hampshire
Date of publication, distribution, etc. 1971
300 ## - PHYSICAL DESCRIPTION
Extent xx, 740 p.
Other physical details ill.
Dimensions 26 cm.
650 #0 - SUBJECT ADDED ENTRY--TOPICAL TERM
Topical term or geographic name as entry element Economics
942 ## - ADDED ENTRY ELEMENTS (KOHA)
Koha item type General Book
Holdings
Shelving location Copy number Koha date last seen Date acquired Not for loan Source of classification or shelving scheme Koha collection Withdrawn status Koha full call number Lost status Damaged status Location (home branch) Koha item type Koha normalized classification for sorting Price effective from Sublocation or collection (holding branch) Piece designation (barcode)
Circulation section12014-11-272014-11-27    330/LIP/1971  Central Library, BUETGeneral Book330LIP19712014-11-27Central Library, BUET23693
Circulation section22014-11-272014-11-27    330/LIP/1971  Central Library, BUETGeneral Book330LIP19712014-11-27Central Library, BUET23702
Circulation section32015-01-272015-01-27    330/LIP/1971  Central Library, BUETGeneral Book330_000000000000000_LIP_19712015-01-27Central Library, BUET23689
Circulation section42015-01-272015-01-27    330/LIP/1971  Central Library, BUETGeneral Book330_000000000000000_LIP_19712015-01-27Central Library, BUET23684
Circulation section52015-01-272015-01-27    330/LIP/1971  Central Library, BUETGeneral Book330_000000000000000_LIP_19712015-01-27Central Library, BUET23710
Circulation section62015-01-272015-01-27    330/LIP/1971  Central Library, BUETGeneral Book330_000000000000000_LIP_19712015-01-27Central Library, BUET23713
Cataloging section72015-01-272015-01-27    330/LIP/1971  Central Library, BUETGeneral Book330_000000000000000_LIP_19712015-01-27Central Library, BUET23690
Circulation section82015-01-272015-01-27    330/LIP/1971  Central Library, BUETGeneral Book330_000000000000000_LIP_19712015-01-27Central Library, BUET23698
Circulation section92015-01-272015-01-27    330/LIP/1971  Central Library, BUETGeneral Book330_000000000000000_LIP_19712015-01-27Central Library, BUET23685
Circulation section102015-01-272015-01-27    330/LIP/1971  Central Library, BUETGeneral Book330_000000000000000_LIP_19712015-01-27Central Library, BUET23712
Circulation section42015-01-282015-01-28  Non Fiction 330/LIP/1971  Central Library, BUETGeneral Book330_000000000000000_LIP_19712015-01-28Central Library, BUET23677
Circulation section302015-01-282015-01-28  Non Fiction 330/LIP/1971  Central Library, BUETGeneral Book330_000000000000000_LIP_19712015-01-28Central Library, BUET23706
Circulation section292015-01-282015-01-28  Non Fiction 330/LIP/1971  Central Library, BUETGeneral Book330_000000000000000_LIP_19712015-01-28Central Library, BUET23705
Circulation section162015-01-282015-01-28  Non Fiction 330/LIP/1971  Central Library, BUETGeneral Book330_000000000000000_LIP_19712015-01-28Central Library, BUET23680
Circulation section152015-04-202015-04-20    330/LIP/1971  Central Library, BUETGeneral Book330_000000000000000_LIP_19712015-04-20Central Library, BUET23691